[Event "Haninge"]
[Site "Haninge"]
[Date "1990.??.??"]
[Round "11"]
[White "Ehlvest, Jaan"]
[Black "Hellers, Ferdinand"]
[Result "0-1"]
[WhiteElo "2620"]
[BlackElo "2525"]
[PlyCount "310"]
[EventDate "1990.05.??"]
[Source "ChessBase"]
[SourceDate "2004.01.01"]

1. Nf3 Nf6 2. c4 c5 3. Nc3 Nc6 4. g3 d5 5. cxd5 Nxd5 6. Bg2 g6 7. Nxd5 Qxd5 8.
O-O Bg7 9. d3 O-O 10. Be3 Bd7 11. Nd4 Qd6 12. Nxc6 Bxc6 13. Bxc6 Qxc6 14. Rc1
Qe6 15. Rxc5 Qxa2 16. Rb5 a6 17. Rxb7 Rab8 18. Rxe7 Rxb2 19. Re4 Rc2 20. d4 Qc4
21. Bf4 Rc8 22. e3 a5 23. Re7 Bf8 24. Ra7 Qd5 25. Be5 Bh6 26. Re7 a4 27. Re8+
Rxe8 28. Qxc2 a3 29. e4 Qe6 30. Qa4 Bf8 31. Rc1 Rd8 32. Rc6 Qg4 33. Bc7 Re8 34.
e5 Rc8 35. Qc4 Qd7 36. e6 fxe6 37. Rxe6 Qf7 38. Rc6 Qxc4 39. Rxc4 a2 40. Ra4
Rxc7 41. Rxa2 Rd7 42. Rd2 Rd5 43. f4 Rxd4 44. Ra2 Kf7 45. Kg2 Rd3 46. Kh3 Rc3
47. Kg4 Be7 48. Kh3 Rd3 49. Rb2 h6 50. Kg4 Bd6 51. Ra2 Kf6 52. Rb2 Rd4 53. Kh3
h5 54. Ra2 Rd5 55. Re2 Kf5 56. Ra2 Bb4 57. Rb2 Rd4 58. Rb1 Ke6 59. Rb2 Kf7 60.
Rb1 Kf6 61. Rb2 Rc4 62. Ra2 Be7 63. Re2 Kf7 64. Ra2 Rb4 65. Rc2 Rb6 66. Re2 Bf6
67. Rc2 Ke6 68. Ra2 Rb5 69. Ra4 Kf5 70. Rc4 Be7 71. Rc2 Bc5 72. Rd2 Be3 73. Re2
Rb3 74. Ra2 Rb5 75. Re2 Bd4 76. Rd2 Ke4 77. Kh4 Bf6+ 78. Kh3 Rb2 79. Rd6 Kf5
80. Rd5+ Ke6 81. Rd3 Rc2 82. Re3+ Kd5 83. Re8 Bd4 84. Rg8 Bg1 85. Kh4 Rxh2+ 86.
Kg5 Bf2 87. f5 gxf5 88. Kxf5 Be3 89. Rd8+ Kc6 90. Re8 Bd2 91. Re4 Kd5 92. Re5+
Kd6 93. Re6+ Kd7 94. Re4 Rg2 95. Rh4 Rf2+ 96. Ke4 Ke6 97. Rxh5 Kf6 98. Rb5 Bg5
99. Rb6+ Kg7 100. Ra6 Bf6 101. Ke3 Rb2 102. Ra3 Rb5 103. Kf3 Kg6 104. Rd3 Kf5
105. Ra3 Be5 106. Rd3 Rc5 107. Re3 Rc4 108. Ra3 Bd4 109. Rd3 Ra4 110. Rb3 Be5
111. Re3 Ra2 112. Rb3 Rd2 113. Ra3 Rb2 114. g4+ Ke6 115. Ra6+ Bd6 116. g5 Rb4
117. g6 Rf4+ 118. Ke2 Rg4 119. Kf3 Rxg6 120. Ra5 Rg1 121. Ra2 Kf5 122. Rg2 Ra1
123. Re2 Be5 124. Kg2 Ra3 125. Rc2 Bd4 126. Rc8 Ke4 127. Re8+ Be5 128. Rf8 Ra7
129. Rf2 Rg7+ 130. Kf1 Bf4 131. Re2+ Kd3 132. Rg2 Rh7 133. Kf2 Rh3 134. Rg8
Be3+ 135. Kg2 Rh7 136. Kf3 Re7 137. Ra8 Rf7+ 138. Kg4 Rf4+ 139. Kh5 Rf6 140.
Kg4 Bd4 141. Re8 Rf1 142. Re7 Bf6 143. Re6 Kd4 144. Re2 Be5 145. Ra2 Ke3 146.
Kg5 Bd4 147. Ra3+ Ke4 148. Ra4 Rg1+ 149. Kh6 Kd5 150. Ra5+ Ke6 151. Ra6+ Kf5
152. Ra5+ Be5 153. Kh7 Rg7+ 154. Kh6 Rg8 155. Ra7 Rg1 0-1

[Event "Bundesliga 0001"]
[Site "Germany"]
[Date "2001.01.28"]
[Round "7.1"]
[White "Ftacnik, Lubomir"]
[Black "Schlindwein, Rolf"]
[Result "1-0"]
[WhiteElo "2608"]
[BlackElo "2441"]
[Annotator "Schluricke"]
[PlyCount "184"]
[EventDate "2000.10.14"]
[Source "ChessBase"]
[SourceDate "2001.07.03"]

1. Nf3 Nf6 2. c4 g6 3. Nc3 Bg7 4. e4 c5 5. d4 cxd4 6. Nxd4 d6 7. Be2 Nc6 8. Be3
O-O 9. O-O Nxd4 10. Bxd4 Be6 11. f4 Qa5 12. f5 Bd7 13. Qd3 Bc6 14. a3 Nd7 15.
b4 Bxd4+ 16. Qxd4 Qe5 17. Qxe5 Nxe5 18. f6 e6 19. Rad1 Rfd8 20. Rd4 Be8 21.
Rfd1 Rdc8 22. Nb5 Bxb5 23. cxb5 h5 24. Rxd6 Kh7 25. a4 Kh6 26. h4 g5 27. hxg5+
Kxg5 28. a5 b6 29. Kf2 h4 30. Ke3 Kxf6 31. Kd4 Ng6 32. e5+ Kg5 33. Rd7 Rc2 34.
Bf3 Rac8 35. Bc6 bxa5 36. bxa5 a6 37. Rxf7 axb5 38. Bxb5 R2c5 39. Rb1 Rd5+ 40.
Ke4 Rxe5+ 41. Kf3 Rd5 42. Rb7 Rc3+ 43. Ke4 Rd2 44. Bf1 Rf2 45. Kd4 Ra3 46. a6
Kf6 47. Kc5 Ne7 48. Bc4 Rxg2 49. R1b6 Nd5 50. Rxe6+ Kxe6 51. Bxd5+ Ke5 52. Bxg2
Rxa6 53. Rb4 Ra5+ 54. Kb6 Ra2 55. Bh3 Rh2 56. Rxh4 Rh1 57. Kb5 Rh2 58. Kc4 Kf6
59. Kd4 Ra2 60. Bf1 Ra4+ 61. Bc4 Kg5 62. Rh8 Kf6 63. Kd5 Kg7 64. Rc8 Kf6 65.
Kd6 Kf5 66. Rf8+ Kg5 67. Be6 Rf4 68. Rg8+ Kf6 69. Kd5 Ra4 70. Rf8+ Kg7 71. Rf1
Ra5+ 72. Kd6 Ra6+ 73. Ke5 Ra5+ 74. Bd5 Ra6 75. Rg1+ Rg6 76. Ra1 Rg5+ 77. Ke6
Rg6+ 78. Kf5 Rf6+ 79. Ke5 Rb6 80. Ra7+ Kg6 81. Be4+ Kg5 82. Rg7+ Kh6 83. Rg8
Rb5+ 84. Kf4 Rb6 85. Bf5 Ra6 86. Ke5 Kh5 87. Be6 Kh4 88. Rg4+ Kh5 89. Rg7 Kh4
90. Bf5 Ra1 91. Bd3 Kh3 92. Kf4 Kh2 93.
Be4 Ra3 94. Rg2+ Kh3 95. Rg1
Kh4 96. Rg6 Ra5 97. Bc6 Rc5 98. Bf3 Rc4+ 99. Be4 Rc5 100. Rg4+ Kh5
101. Rg1 Kh6 102. Rg6+ Kh5 103. Rd6 Rc4 104. Rd7 1-0

[Event "Schoeneck"]
[Site "Schoeneck"]
[Date "1996.??.??"]
[Round "1"]
[White "Votava, Jan"]
[Black "Luther, Thomas"]
[Result "1/2-1/2"]
[WhiteElo "2545"]
[BlackElo "2495"]
[PlyCount "199"]
[EventDate "1996.10.23"]
[Source "ChessBase"]
[SourceDate "2004.01.01"]

1. e4 e6 2. d3 d5 3. Nd2 c5 4. Ngf3 Nc6 5. g3 Bd6 6. Bg2 Nge7 7. O-O O-O 8. Re1
Bc7 9. c3 Rb8 10. Qc2 b5 11. a3 a5 12. d4 cxd4 13. cxd4 Bb6 14. exd5 exd5 15.
Nb3 Bg4 16. Be3 Rc8 17. Qd3 a4 18. Nbd2 Na7 19. Rac1 Bf5 20. Qf1 Nec6 21. Nh4
Be6 22. Ndf3 h6 23. Qd3 Qf6 24. Ne5 Na5 25. Rxc8 Rxc8 26. f4 Nc4 27. f5 Nxe3
28. fxe6 Qxe6 29. Rxe3 Rc1+ 30. Kf2 Nc6 31. Nxc6 Qxc6 32. Nf5 Qf6 33. Bf3 g6
34. Ne7+ Kg7 35. Nxd5 Qxd4 36. Nxb6 Qxb6 37. Kg2 Qc5 38. Qe4 Kh7 39. Re1 Rc2+
40. Re2 Rc1 41. Rf2 Kg7 42. Qd5 Qxd5 43. Bxd5 f5 44. Re2 Kf6 45. Kf2 Rc5 46.
Bf3 b4 47. h4 g5 48. h5 g4 49. axb4 Rb5 50. Bc6 Rxb4 51. Be8 Rd4 52. Kg2 Rb4
53. Rf2 Rd4 54. Bg6 Rd5 55. Kf1 Re5 56. Rf4 Rb5 57. Rxa4 Rxb2 58. Ra6+ Kg5 59.
Bf7 f4 60. gxf4+ Kxf4 61. Rxh6 g3 62. Rf6+ Kg5 63. Rg6+ Kh4 64. Rg7 Rf2+ 65.
Kg1 Rg2+ 66. Kf1 Rf2+ 67. Ke1 Rf6 68. Bc4 Kxh5 69. Rxg3 Rf5 70. Ke2 Kh6 71. Ke3
Rg5 72. Rf3 Kg7 73. Ke4 Rg4+ 74. Kd5 Rg6 75. Bd3 Rg1 76. Ke5 Rg5+ 77. Bf5 Kf7
78. Ra3 Rg7 79. Ra6 Ke7 80. Bg6 Kf8 81. Rf6+ Ke7 82. Re6+ Kd7 83. Kd5 Kd8 84.
Ra6 Ke7 85. Ke5 Kf8 86. Rf6+ Ke7 87. Re6+ Kd7 88. Be8+ Kd8 89. Kf6 Ra7 90. Bf7
Kc7 91. Re1 Kd6 92. Be6 Rh7 93. Rd1+ Kc5 94. Ke5 Rh5+ 95. Bf5 Rg5 96. Rc1+ Kb4
97. Ke4 Rh5 98. Rf1 Kc5 99. Kd3 Kd5 100. Rh1 1/2-1/2

[Event "Budapest FS03 GM"]
[Site "Budapest"]
[Date "1996.??.??"]
[Round "6"]
[White "Totsky, Leonid"]
[Black "Gyimesi, Zoltan"]
[Result "0-1"]
[WhiteElo "2430"]
[BlackElo "2545"]
[PlyCount "170"]
[EventDate "1996.03.??"]
[Source "ChessBase"]
[SourceDate "2004.01.01"]

1. e4 e5 2. Nf3 Nc6 3. d4 exd4 4. Nxd4 Nf6 5. Nxc6 bxc6 6. Bd3 d5 7. exd5 cxd5
8. O-O Be7 9. c4 c6 10. cxd5 cxd5 11. Nc3 O-O 12. Be3 Be6 13. Bd4 Qb8 14. h3
Qxb2 15. Nb5 Qb4 16. Nxa7 Bd7 17. Rb1 Qd6 18. Rb6 Qc7 19. Nb5 Bxb5 20. Rxb5
Rxa2 21. Bxf6 Bxf6 22. Bxh7+ Kxh7 23. Qxd5 Ra1 24. Rxa1 Bxa1 25. g3 Kg8 26. Rb7
Qd8 27. Qf3 Qc8 28. Kg2 Qe6 29. Ra7 Bf6 30. h4 Qc8 31. Qd5 Qb8 32. Ra6 Re8 33.
Qf3 Qe5 34. Ra8 Bd8 35. Qd3 Qc7 36. Qd5 Qe7 37. Rc8 g6 38. Rb8 Kg7 39. Rc8 Qf6
40. Qd3 Rh8 41. Qd2 Ba5 42. Qc2 Rh5 43. Rc6 Qd4 44. Rc4 Qd5+ 45. Kh2 Bd8 46.
Rf4 Bf6 47. Qe2 Re5 48. Qf1 Re6 49. Qg2 Qxg2+ 50. Kxg2 Re2 51. Kf1 Ra2 52. Kg2
Be5 53. Re4 Kf6 54. Re3 Bd4 55. Rf3+ Ke6 56. Rf4 Rd2 57. Kf1 Be5 58. Rf3 Rb2
59. Kg2 f6 60. Kf1 Bd4 61. Kg2 Ke5 62. Rf4 Rd2 63. Kf1 Ra2 64. Kg2 Rb2 65. Kf1
g5 66. hxg5 fxg5 67. Rf8 g4 68. Re8+ Kf5 69. Rf8+ Ke4 70. Rf4+ Kd3 71. Rxg4
Rxf2+ 72. Ke1 Rf3 73. Rf4 Rxg3 74. Rf1 Ke3 75. Rh1 Be5 76. Kf1 Rf3+ 77. Kg2
Rf2+ 78. Kh3 Kf3 79. Kh4 Kf4 80. Kh3 Kf5 81. Kh4 Bf4 82. Rh3 Rg2 83. Rh1 Ra2
84. Kh3 Kg5 85. Rg1+ Kh5 0-1

[Event "ADCF Masters"]
[Site "Abu Dhabi"]
[Date "2003.08.23"]
[Round "7"]
[White "Sargissian, Gabriel"]
[Black "Dizdar, Goran"]
[Result "1-0"]
[WhiteElo "2600"]
[BlackElo "2525"]
[PlyCount "167"]
[EventDate "2003.08.16"]
[Source "ChessBase"]
[SourceDate "2003.11.11"]

1. d4 Nf6 2. c4 e6 3. Nf3 d5 4. Nc3 Bb4 5. cxd5 exd5 6. Bg5 h6 7. Bh4 c5 8. e3
g5 9. Bg3 Ne4 10. Bb5+ Bd7 11. Bxd7+ Nxd7 12. dxc5 Nxc3 13. Qd4 Nxa2+ 14. Ke2
Qf6 15. Rxa2 Qxd4 16. exd4 O-O 17. h4 f6 18. Kd3 Rfe8 19. hxg5 hxg5 20. Raa1
Re6 21. Rh6 Bxc5 22. dxc5 Nxc5+ 23. Kd4 Nb3+ 24. Kxd5 Rc6 25. Rah1 Kg7 26. Rh7+
Kg6 27. Rxb7 Rc5+ 28. Kd6 Rd8+ 29. Ke7 Na5 30. Kxd8 Nxb7+ 31. Kd7 Rc2 32. b4
Rb2 33. Nd4 Rxb4 34. Ne6 Rb2 35. Rh8 Na5 36. Rc8 Rd2+ 37. Ke7 Re2 38. Rc3 Nb7
39. Kd7 Kf7 40. Kc7 Kxe6 41. Kxb7 f5 42. Rc6+ Kf7 43. Rc5 Kf6 44. Rc6+ Kf7 45.
Rc4 f4 46. Bxf4 Rxf2 47. Bxg5 Rxg2 48. Be3 Ke6 49. Bxa7 Kd5 50. Rd4+ Ke5 51.
Rd1 Rc2 52. Bd4+ Kd5 53. Kb6 Ke4 54. Bc5 Rh2 55. Kb5 Rb2+ 56. Kc6 Rh2 57. Re1+
Kd3 58. Re3+ Kc2 59. Re4 Kc3 60. Bd4+ Kd3 61. Kd5 Rh7 62. Re3+ Kd2 63. Rg3 Re7
64. Be5 Re8 65. Ke4 Re7 66. Rg2+ Ke1 67. Ra2 Re8 68. Kd4 Kf1 69. Bf4 Re7 70.
Be3 Rf7 71. Ke4 Ke1 72. Kd3 Kf1 73. Rc2 Rf8 74. Ke4 Rh8 75. Bf4 Rh3 76. Ra2 Kg1
77. Be3+ Kh1 78. Ra1+ Kg2 79. Rg1+ Kh2 80. Rg8 Rh7 81. Kf3 Rf7+ 82. Bf4+ Kh1
83. Rh8+ Kg1 84. Ra8 1-0

[Event "Tan Chin Nam Cup 7th"]
[Site "Shanghai"]
[Date "2001.07.12"]
[Round "4"]
[White "Ni Hua"]
[Black "Ye Jiangchuan"]
[Result "0-1"]
[WhiteElo "2528"]
[BlackElo "2671"]
[PlyCount "134"]
[EventDate "2001.07.09"]
[Source "ChessBase"]
[SourceDate "2001.11.13"]

1. e4 c5 2. Nf3 e6 3. d4 cxd4 4. Nxd4 a6 5. Nc3 Qc7 6. Bd3 Nc6 7. Be3 b5 8. O-O
Bb7 9. Nxc6 Qxc6 10. Qe2 Nf6 11. f3 Qc7 12. Kh1 Be7 13. Bg5 Ng4 14. f4 Nxh2 15.
Kxh2 Bxg5 16. e5 Be7 17. a4 b4 18. Ne4 d6 19. f5 Bxe4 20. Qxe4 d5 21. Qf4 f6
22. Kh1 fxe5 23. Qh2 Bf6 24. fxe6 Ke7 25. Rad1 Qc6 26. Qh5 Qxe6 27. c4 bxc3 28.
bxc3 Rad8 29. Rb1 Rb8 30. a5 e4 31. Be2 Qe5 32. Qxe5+ Bxe5 33. Rbd1 Rhd8 34.
Bxa6 Bxc3 35. Rf5 Bxa5 36. Rfxd5 Rxd5 37. Rxd5 Bc7 38. Kg1 Rb2 39. Kf1 Kf6 40.
g4 e3 41. Rf5+ Ke7 42. Bc4 Bb6 43. Rf7+ Kd6 44. Rxg7 Rf2+ 45. Ke1 Ba5+ 46. Kd1
Rd2+ 47. Kc1 e2 48. Bxe2 Rxe2 49. Rxh7 Rg2 50. Rh5 Bc3 51. Rb5 Bd4 52. Kd1 Bc5
53. Rb8 Kd5 54. Re8 Kc4 55. Rc8 Kd3 56. Re8 Be3 57. Rd8+ Bd4 58. Re8 Rxg4 59.
Re2 Rg1+ 60. Re1 Rg2 61. Re7 Rh2 62. Re8 Rb2 63. Rc8 Bb6 64. Kc1 Rb5 65. Kd1
Rf5 66. Re8 Ba5 67. Kc1 Bc3 0-1

[Event "BIH-chT"]
[Site "Jahorina"]
[Date "2003.06.22"]
[Round "2"]
[White "Shirov, Alexei"]
[Black "Atalik, Suat"]
[Result "1-0"]
[WhiteElo "2735"]
[BlackElo "2568"]
[PlyCount "237"]
[EventDate "2003.06.21"]
[Source "ChessBase"]
[SourceDate "2003.07.09"]

1. e4 e6 2. d4 d5 3. Nc3 Bb4 4. e5 c5 5. a3 Ba5 6. Qg4 Ne7 7. dxc5 Bxc3+ 8.
bxc3 Ng6 9. Nf3 Qa5 10. Bd2 Nd7 11. c4 Qc7 12. cxd5 O-O 13. Qd4 exd5 14. Qxd5
Ndxe5 15. Nxe5 Nxe5 16. Qd6 Qxd6 17. cxd6 Bf5 18. Bf4 Ng6 19. Bg3 Rfc8 20. c4
b5 21. O-O-O bxc4 22. d7 Rd8 23. Bxc4 Rxd7 24. Rxd7 Bxd7 25. Kb2 Be6 26. Bxe6
fxe6 27. Rc1 e5 28. Rc7 h5 29. h4 Nf4 30. Kb3 Re8 31. Rxa7 Nxg2 32. a4 e4 33.
Rc7 e3 34. fxe3 Nxe3 35. Rc5 Rf8 36. a5 Nf5 37. Bf2 Nd6 38. Rd5 Rf3+ 39. Kb4
Nb7 40. Bd4 Nxa5 41. Rxa5 Rf4 42. Kc4 Rxh4 43. Rg5 Rg4 44. Rxh5 Kf7 45. Kd5 Rg2
46. Ke4 Rg4+ 47. Ke3 Kg6 48. Rd5 Kh7 49. Kf3 Rg6 50. Rd7 Kg8 51. Kf4 Rg2 52.
Kf3 Rg6 53. Ra7 Kh7 54. Ra2 Rd6 55. Ke4 Rg6 56. Kf4 Kg8 57. Kf5 Rg3 58. Rh2 Kf7
59. Rh8 Rg2 60. Bc5 g6+ 61. Ke4 Rg4+ 62. Ke5 Rg5+ 63. Kd6 Rh5 64. Rc8 Kf6 65.
Rf8+ Kg7 66. Rf1 Rh4 67. Be3 Ra4 68. Ke5 Ra5+ 69. Ke6 g5 70. Bd4+ Kg6 71. Be5
Ra2 72. Rb1 Re2 73. Rb8 Re1 74. Rg8+ Kh5 75. Kd5 Rb1 76. Bf6 Rb5+ 77. Ke6 Kg4
78. Ra8 Kf3 79. Ra3+ Kf2 80. Bd4+ Kf1 81. Be5 Kf2 82. Ra2+ Kf3 83. Kf5 Rc5 84.
Ra3+ Ke2 85. Ke4 Rc2 86. Rg3 Rd2 87. Bc3 Rc2 88. Rg2+ Kd1 89. Rg1+ Ke2 90. Bd4
g4 91. Rg3 Kd2 92. Rg2+ Kd1 93. Rg1+ Ke2 94. Rg3 Kd2 95. Be3+ Ke2 96. Bf4 Rc4+
97. Kf5 Rc2 98. Kxg4 Rc8 99. Re3+ Kf2 100. Re4 Rc2 101. Bg3+ Kg2 102. Re3 Rc4+
103. Bf4 Rc2 104. Rh3 Rf2 105. Rd3 Re2 106. Be3 Kf1 107. Kf3 Rf2+ 108. Ke4 Rc2
109. Bf4 Ke2 110. Re3+ Kf2 111. Bg3+ Kg2 112. Be5 Rc4+ 113. Bd4 Rc2 114. Ra3
Kf1 115. Kd3 Rc8 116. Ra2 Rd8 117. Rf2+ Ke1 118. Rf7 Rd5 119. Re7+ 1-0

[Event "OLOA 03/04 Aue-AE Magdeburg"]
[Site "?"]
[Date "2003.11.22"]
[Round "2.2"]
[White "Vasilevich, Tatjana"]
[Black "Degtiarev, Jewgeni"]
[Result "1/2-1/2"]
[WhiteElo "2425"]
[BlackElo "2284"]
[PlyCount "181"]
[EventDate "2003.??.??"]

1. Nf3 d5 2. g3 Nf6 3. Bg2 g6 4. O-O Bg7 5. d3 O-O 6. Nbd2 Re8 7. e4 dxe4 8.
dxe4 Bg4 9. c3 Nc6 10. Qc2 e5 11. Nc4 Qe7 12. b3 Bxf3 13. Bxf3 Rad8 14. Ba3 Qd7
15. Rad1 Qc8 16. Ne3 Rxd1 17. Rxd1 Rd8 18. Nd5 Nxd5 19. exd5 Nb8 20. c4 c6 21.
b4 cxd5 22. Bxd5 Nc6 23. Qe4 Nd4 24. Bb2 Qc7 25. f4 Nc6 26. b5 exf4 27. Bxg7
Kxg7 28. bxc6 bxc6 29. Qd4+ f6 30. Qc5 fxg3 31. Re1 Qb6 32. Qxb6 axb6 33. Bxc6
gxh2+ 34. Kxh2 Rd2+ 35. Kg1 Rxa2 36. Re7+ Kh6 37. Rb7 Rc2 38. Bd5 f5 39. Bg8
Kg5 40. Rxb6 Kf4 41. Kf1 Ke3 42. Rb3+ Kd4 43. Rh3 h5 44. Rg3 h4 45. Rxg6 h3 46.
Rh6 h2 47. Bd5 f4 48. Rh4 Kc5 49. Rh8 Rc1+ 50. Kf2 h1=Q 51. Bxh1 Rxc4 52. Ba8
Kd6 53. Kf3 Rc7 54. Kxf4 Rf7+ 55. Ke4 Re7+ 56. Kd4 Kc7 57. Kc5 Rg7 58. Bd5 Rd7
59. Bc6 Re7 60. Ra8 Re5+ 61. Bd5 Re7 62. Ra6 Kd8 63. Be6 Rg7 64. Kd6 Rd7+ 65.
Ke5 Rc7 66. Kf6 Rb7 67. Rc6 Rb8 68. Ke5 Rb7 69. Kf6 Rb8 70. Bf5 Ra8 71. Ke6 Ra7
72. Rd6+ Kc7 73. Be4 Ra1 74. Rd7+ Kb6 75. Kd6 Kb5 76. Rc7 Kb4 77. Bd5 Ra6+ 78.
Ke5 Rb6 79. Kd4 Ka3 80. Ra7+ Kb4 81. Ra2 Kb5 82. Rb2+ Ka5 83. Bb3 Rb8 84. Kc3
Kb6 85. Rh2 Kc5 86. Rh5+ Kd6 87. Bd5 Re8 88. Kd4 Re7 89. Rh6+ Kc7 90. Kc5 Rg7
91. Rb6 1/2-1/2

[Event "DSB-Ramada-Cup-Bruehl"]
[Site "Bruehl"]
[Date "2001.11.03"]
[Round "3"]
[White "Schild, Wilhelm"]
[Black "Klyszcz, Michael"]
[Result "1/2-1/2"]
[WhiteElo "2235"]
[BlackElo "2085"]
[PlyCount "236"]
[EventDate "2001.11.??"]

1. d4 Nf6 2. Nf3 g6 3. Bf4 Bg7 4. e3 O-O 5. h3 c5 6. c3 cxd4 7. cxd4 Qb6 8. Qb3
Qxb3 9. axb3 Nc6 10. Be2 Nd5 11. Bh2 Ndb4 12. Na3 d5 13. O-O Bf5 14. Rfc1 Rac8
15. Kf1 a6 (15... Bd3) 16. Bg3 Na5 17. Nd2 Nac6 (17... Bd3) 18. f4 f6 19. Be1
g5 (19... e5) 20. g4 Bd7 21. f5 e6 22. fxe6 Bxe6 23. Kg2 f5 24. Nc2 f4 (24...
Nxc2 25. Rxc2 f4) 25. Nxb4 Nxb4 26. Nc4 f3+ 27. Bxf3 Nd3 28. Rc3 dxc4 29. Bxb7
Rb8 30. Bxa6 Bd5+ 31. Kg1 Nxe1 32. Rxe1 Rxb3 33. Re2 Rb4 (33... Rxc3) 34. Rec2
Rf3 35. Kh2 Bf8 36. Bxc4 Bd6+ (36... Bxc4 37. Rxc4 Rxc4 38. Rxc4 Rxe3) 37. Kg2
Rg3+ (37... Rxc4 38. Rxc4 Rxe3+ 39. Kf2 Rxh3) 38. Kf2 Bxc4 39. Rxc4 Rxc4 40.
Rxc4 Rxh3 41. b4 Rh2+ 42. Kf3 Rb2 43. Ke4 Kf7 44. Kf5 h6 45. d5 Rb3 46. Rc6 Ke7
47. e4 Rxb4 (47... Kd7) 48. e5 Rf4+ 49. Kg6 Bb8 (49... Bb4) 50. Re6+ (50. Rb6)
50... Kd7 51. Kxh6 Rxg4 52. Kh5 Rg2 53. Rg6 Bxe5 54. Rxg5 Rh2+ 55. Kg6 Kd6 56.
Rh5 Rf2 57. Rf5 Ra2 58. Rf1 Kxd5 59. Kf5 Ra8 60. Rd1+ Bd4 61. Kg6 Rf8 62. Kg5
Ke4 63. Kg6 Be3 64. Rd7 Bd4 65. Rb7 Rg8+ 66. Kh7 Rg4 67. Rf7 Kd5 68. Re7 Kd6
69. Re8 Kd7 70. Rg8 Rf4 71. Rg2 Ke6 72. Kg6 Rf8 73. Re2+ Be5 74. Kh7 Rf1 75.
Rg2 Rf8 76. Rg8 Rf1 77. Rg6+ Bf6 78. Rg3 Kf7 79. Rg6 Rb1 80. Rg7+ Ke6 81. Rg6
$4 {zu wenig Platz fuer den Turm - Matt in 15. Zum Remis fuehren 81.Tg2, 81.
Tg3 und 81.Ta7.} 81... Rb7+ $4 $11 (81... Kf5 82. Rg2 Rh1+ 83. Kg8 Ke6 84. Kf8
Ra1 85. Re2+ Be5 86. Kg8 Rh1 $19) 82. Kh6 Kf5 83. Rg2 Rb8 84. Rf2+ Ke6 85. Re2+
Be5 86. Rf2 Rg8 87. Rf1 Rg2 88. Rh1 $4 {Weiss hatte fuenf Remiszuege zur
Verfuegung: 88.Tf3, 88.Tb1, 88.Kh7, 88.Te1, 88.Kh5} 88... Kf7 $4 (88... Bf4+ {
Matt in 17}) (88... Rg4 {Matt in 38!}) 89. Rh5 $4 {
Der letzte Fehler. Remis machen 89.Tf1, 89.Td1, 89.Tb1, 89.Th3 und 89.Kh5.}
89... Kf6 {Von nun an aendert sich die Bewertung nicht mehr - lediglich
kuerzere Gewinne sind drin. Matt in 19. Etwas schneller ist.} (89... Rg6+ 90.
Kh7 Rg7+ 91. Kh6 Bf4+) 90. Rh3 Bf4+ {Matt in 12} 91. Kh7 Kf7 {Matt 16} 92. Rh4
Be5 {Matt in 22} 93. Rh1 {Matt in 6. Zaeher war 93.Kh6.} 93... Rg7+ {
Matt in 16. 93...Lg7 ging schneller.} 94. Kh6 Bf4+ 95. Kh5 Rh7+ 96. Kg4 Rxh1
97. Kxf4 Ke6 98. Ke4 Rh4+ 99. Kd3 Ke5 100. Kc3 Rd4 101. Kc2 Rd8 102. Kc3 Ke4
103. Kc2 Ke3 104. Kc1 Ke2 105. Kc2 Rc8+ 106. Kb3 Kd2 107. Kb4 Kd3 108. Kb5 Kd4
109. Kb6 Kd5 110. Kb7 Rc1 111. Kb6 Rc2 112. Kb7 Kd6 113. Kb8 Kd7 114. Kb7 Rb2+
115. Ka6 Kc6 116. Ka5 Kc5 117. Ka4 Rb8 118. Ka3 Kc4 1/2-1/2

[Event "Thessaloniki ol (Men)"]
[Site "Thessaloniki"]
[Date "1988.11.15"]
[Round "3"]
[White "Espig, Lutz"]
[Black "Ernst, Thomas"]
[Result "1/2-1/2"]
[WhiteElo "2465"]
[BlackElo "2410"]
[PlyCount "245"]
[EventDate "1988.11.??"]
[Source "ChessBase"]

1. Nf3 c5 2. c4 Nc6 3. Nc3 e5 4. g3 g6 5. Bg2 Bg7 6. a3 d6 7. O-O Nge7 8. Ne1
Be6 9. Nd5 O-O 10. Rb1 a5 11. d3 Rb8 12. Bd2 b5 13. b3 Qd7 14. Nc2 b4 15. a4
Bh3 16. Nxe7+ Nxe7 17. Bxh3 Qxh3 18. e3 Qe6 19. e4 f5 20. exf5 gxf5 21. Qe2
Rbe8 22. Rbe1 Nc6 23. f3 Nd4 24. Nxd4 cxd4 25. Rc1 d5 26. cxd5 Qxd5 27. Rc4 Rc8
28. Rfc1 Qe6 29. g4 Rxc4 30. Rxc4 fxg4 31. fxg4 Qd5 32. Be1 Qf3 33. Rc2 Qxe2
34. Rxe2 Rf3 35. Rd2 e4 36. dxe4 Rxb3 37. Bf2 d3 38. Bb6 Bh6 39. Rd1 Ra3 40.
Bxa5 Rxa4 41. Bxb4 Rxb4 42. Rxd3 Rxe4 43. Kg2 Re2+ 44. Kg3 Bg7 45. h4 Be5+ 46.
Kf3 Rh2 47. Rd5 Bf6 48. g5 Be7 49. Kg4 Kf7 50. Ra5 h6 51. Rb5 hxg5 52. hxg5 Bd6
53. Kf5 Rf2+ 54. Ke4 Ke6 55. Ra5 Rf4+ 56. Ke3 Rb4 57. Kf3 Be5 58. Ra8 Rf4+ 59.
Ke3 Rg4 60. Re8+ Kf5 61. Rf8+ Kg6 62. Kf3 Rxg5 63. Ke4 Bg7 64. Rf1 Re5+ 65. Kd3
Bf6 66. Rf2 Rh5 67. Ke4 Kf7 68. Ra2 Rh4+ 69. Kf5 Rh5+ 70. Ke4 Be7 71. Ra6 Bc5
72. Rc6 Ke7 73. Rg6 Kd7 74. Rg2 Bd6 75. Rg1 Be5 76. Rg6 Ke7 77. Rg8 Kf7 78. Rd8
Rg5 79. Ra8 Bd6 80. Rc8 Ke6 81. Rc4 Rf5 82. Rd4 Rh5 83. Rc4 Bc5 84. Rc2 Rh4+
85. Kd3 Kd5 86. Ke2 Rh2+ 87. Kd3 Rh3+ 88. Ke2 Bd4 89. Rd2 Ke4 90. Rc2 Bc3 91.
Kd1 Kd3 92. Rd2+ Kc4 93. Rg2 Re3 94. Kc2 Re1 95. Rg4+ Bd4 96. Kd2 Ra1 97. Ke2
Ra2+ 98. Kf3 Kd3 99. Rg6 Rf2+ 100. Kg4 Be5 101. Rg5 Ke4 102. Rg6 Rg2+ 103. Kh5
Bg3 104. Rg4+ Kf3 105. Rg7 Ra2 106. Rf7+ Bf4 107. Kg6 Ke4 108. Kf6 Ra6+ 109.
Ke7 Ke5 110. Kd7 Bg5 111. Rf8 Bf6 112. Rf7 Kd5 113. Ke8 Re6+ 114. Kd7 Rd6+ 115.
Kc8 Kc6 116. Rc7+ Kb6 117. Rb7+ Ka6 118. Rd7 Re6 119. Rf7 Be5 120. Kd7 Rd6+
121. Ke7 Kb6 122. Rf5 Bh2 123. Rf6 1/2-1/2